Kadra Bayernu w LM 2016/2017 - Statystyki

Ogólne statystyki
  • Ten quiz został rozwiązany 107 razy
  • Średni wynik to 18 z 23
Statystyki odpowiedzi
pozycja # kraj piłkarz % Poprawnych
B 1 GER Manuel Neuer
100%
N 9 POL Robert Lewandowski
99%
P 10 NED Arjen Robben
98%
O 27 AUT David Alaba
97%
P 7 FRA Franck Ribery
97%
N 25 GER Thomas Muller
94%
P 23 CHI Arturo Vidal
92%
O 17 GER Jerome Boateng
92%
O 8 ESP Javi Martinez
87%
P 6 ESP Thiago
87%
O 5 GER Mats Hummels
86%
N 29 FRA Kingsley Coman
83%
O 32 GER Joshua Kimmich
80%
O 21 GER Philipp Lahm
72%
P 35 POR Renato Sanches
71%
B 26 GER Sven Ulreich
71%
P 11 BRA Douglas Costa
70%
Trener - ITA Carlo Ancelotti
69%
O 13 BRA Rafinha
60%
O 18 ESP Juan Bernat
55%
P 14 ESP Xabi Alonso
52%
O 28 GER Holger Badstuber
34%
P 30 GER Niklas Dorsch
7%
Nie znaleziono quizów pasujących do podanych kryteriów
Rozkład punktacji
Procent ludzi z każdym wynikiem
Percentyl według liczby udzielonych odpowiedzi
Twoja historia wyników
Nie rozwiązałeś tego quizu